[Event "DVM U10 2014"]
[Site "Magdeburg GER"]
[Date "2014.12.28"]
[Round "4"]
[White "Kazuch, Vincent"]
[Black "Hiller, Klemens"]
[Result "1-0"]
[Termination "normal"]
[Board "4.1"]
[WhiteElo "1690"]
[BlackElo "1165"]
[WhiteClock "00:49:07"]
[BlackClock "00:36:35"]
[WhiteTeam "SV Empor Erfurt"]
[BlackTeam "SV Dresden-Leuben"]
[PlyCount "39"]
[WhiteFideId "12971480"]
[BlackFideId "16255739"]
[EventCountry "GER"]
[EventRounds "7"]
[EventType "team-swiss"]
[EventDate "2014.12.27"]

1. e4 e5 2. Nf3 Nf6 3. Nc3 d6 4. d4 exd4 5. Nxd4 Be7 6. Be3 O-O 7. Qd2 Bd7 8.
f3 Nc6 9. O-O-O Nxd4 10. Bxd4 a5 11. g4 h6 12. h4 Bc6 13. Kb1 Nh7 14. Qh2 a4
15. f4 f6 16. g5 fxg5 17. hxg5 Nxg5 18. fxg5 Bxg5 19. Bc4+ Kh8 20. Qxh6+ 1-0

[Event "DVM U10 2014"]
[Site "Magdeburg GER"]
[Date "2014.12.28"]
[Round "4"]
[White "Macher, Thore"]
[Black "Schneider, Konstantin"]
[Result "1-0"]
[Termination "normal"]
[Board "4.2"]
[WhiteElo "1082"]
[BlackElo "1216"]
[WhiteTeam "SV Dresden-Leuben"]
[BlackTeam "SV Empor Erfurt"]
[PlyCount "51"]
[EventCountry "GER"]
[EventRounds "7"]
[EventType "team-swiss"]
[EventDate "2014.12.27"]

1. d4 d5 2. e3 Nf6 3. c4 e6 4. Nc3 Nbd7 5. Nf3 Be7 6. Bd2 O-O 7. Qc2 Re8 8. e4
c6 9. e5 Ne4 10. Nxe4 dxe4 11. Qxe4 c5 12. Bd3 Nf8 13. dxc5 Bxc5 14. O-O Bd7
15. b4 Bc6 16. Qe2 Be7 17. Rfd1 Nd7 18. Bc3 Qc7 19. Re1 Qb8 20. b5 Bxf3 21.
Qxf3 Bd8 22. Qg3 Bc7 23. Re2 f6 24. Rae1 fxe5 25. f4 exf4 26. Qxg7# 1-0

[Event "DVM U10 2014"]
[Site "Magdeburg GER"]
[Date "2014.12.28"]
[Round "4"]
[White "Rajchel, Arian"]
[Black "Müller, Peter"]
[Result "1-0"]
[Termination "normal"]
[Board "4.3"]
[WhiteElo "1149"]
[BlackElo "861"]
[WhiteClock "00:44:15"]
[BlackClock "00:47:06"]
[WhiteTeam "SV Empor Erfurt"]
[BlackTeam "SV Dresden-Leuben"]
[PlyCount "41"]
[EventCountry "GER"]
[EventRounds "7"]
[EventType "team-swiss"]
[EventDate "2014.12.27"]

1. e4 e5 2. Nf3 Nc6 3. d4 exd4 4. Nxd4 Bc5 5. Be3 Nf6 6. Nc3 d5 7. Nxc6 bxc6 8.
Bxc5 Be6 9. exd5 cxd5 10. Bb5+ Bd7 11. Bxd7+ Qxd7 12. O-O c6 13. Re1+ Kd8 14.
Be7+ Kc8 15. Bxf6 gxf6 16. Qe2 Rb8 17. Rab1 f5 18. Qa6+ Kd8 19. Na4 Rb5 20. c4
h5 21. cxb5 1-0

[Event "DVM U10 2014"]
[Site "Magdeburg GER"]
[Date "2014.12.28"]
[Round "4"]
[White "Phan Trong, Dai"]
[Black "Reuter, Elisa"]
[Result "0-1"]
[Termination "normal"]
[Board "4.4"]
[WhiteElo "782"]
[BlackElo "1085"]
[WhiteClock "00:59:53"]
[BlackClock "00:59:52"]
[WhiteTeam "SV Dresden-Leuben"]
[BlackTeam "SV Empor Erfurt"]
[PlyCount "83"]
[WhiteFideId "16236939"]
[BlackFideId "12995444"]
[EventCountry "GER"]
[EventRounds "7"]
[EventType "team-swiss"]
[EventDate "2014.12.27"]

1. e4 e5 2. Nf3 Nc6 3. Bc4 Bc5 4. d3 d6 5. h3 Be6 6. Bb3 Nf6 7. Bg5 h6 8. Bh4
Qe7 9. Nc3 Bb4 10. a3 Ba5 11. Ba2 Bxa2 12. Rxa2 Qe6 13. Ra1 Nd4 14. O-O g5 15.
b4 gxh4 16. bxa5 Rg8 17. Nxh4 Qxh3 18. Nd5 Nxd5 19. exd5 Qxh4 20. g3 Qg4 21.
Qb1 Qh3 22. Qd1 Qg4 23. Qb1 Qc8 24. c3 Nf3+ 25. Kg2 Nd2 26. Qd1 Nxf1 27. Qxf1
Qd7 28. Qh1 Rg6 29. Rb1 Rb8 30. a6 b6 31. Qe1 Qe7 32. a4 f5 33. Qe2 Kd7 34. a5
Rc8 35. axb6 cxb6 36. Re1 f4 37. Qe4 Qf6 38. Qa4+ Ke7 39. Qc6 Rb8 40. d4 Kf7
41. Qc7+ Qe7 42. Qc6 0-1

[Event "DVM U10 2014"]
[Site "Magdeburg GER"]
[Date "2014.12.28"]
[Round "4"]
[White "von Asow, Till"]
[Black "Bergauz, Igal"]
[Result "0-1"]
[Termination "normal"]
[Board "5.1"]
[WhiteElo "1091"]
[BlackElo "1777"]
[WhiteTeam "SpVgg Rommelshausen"]
[BlackTeam "SK München Südost"]
[PlyCount "42"]
[WhiteFideId "16257162"]
[BlackFideId "12977284"]
[EventCountry "GER"]
[EventRounds "7"]
[EventType "team-swiss"]
[EventDate "2014.12.27"]

1. e4 c6 2. d4 d5 3. e5 Bf5 4. Bd3 Bxd3 5. Qxd3 e6 6. Bf4 Nd7 7. Nc3 a6 8. Nf3
Ne7 9. O-O-O c5 10. h4 c4 11. Qd2 b5 12. g4 b4 13. Na4 Qa5 14. b3 Rc8 15. h5
Nb6 16. Nxb6 Qxb6 17. Kb2 Qa5 18. h6 Qa3+ 19. Kb1 c3 20. Qxc3 bxc3 21. hxg7
Qb2# 0-1

[Event "DVM U10 2014"]
[Site "Magdeburg GER"]
[Date "2014.12.28"]
[Round "4"]
[White "Grunert, Friedrich"]
[Black "Ruppert, Jeremy"]
[Result "1-0"]
[Termination "normal"]
[Board "5.2"]
[WhiteElo "1492"]
[BlackElo "1056"]
[WhiteTeam "SK München Südost"]
[BlackTeam "SpVgg Rommelshausen"]
[PlyCount "87"]
[WhiteFideId "12995592"]
[EventCountry "GER"]
[EventRounds "7"]
[EventType "team-swiss"]
[EventDate "2014.12.27"]

1. e4 e5 2. Nf3 Nc6 3. Bc4 Nf6 4. Ng5 d5 5. exd5 Na5 6. Bb3 Nxb3 7. axb3 Qxd5
8. O-O Bg4 9. Qe1 Be7 10. Nc3 Qc6 11. Qxe5 O-O 12. Qxe7 Rfe8 13. Qxf7+ Kh8 14.
d3 Rf8 15. Qc4 h6 16. Qxc6 bxc6 17. Nge4 Rae8 18. Nxf6 Rxf6 19. Ne4 Rg6 20. Bf4
Bf3 21. Ng3 Rf8 22. Bxc7 h5 23. gxf3 h4 24. Kh1 hxg3 25. fxg3 Kg8 26. Rxa7 Rf7
27. Ra8+ Kh7 28. Bf4 Re6 29. Ra6 Rfe7 30. b4 Rb7 31. c3 Rb5 32. d4 Re2 33. Rxc6
Rxb2 34. Rd1 Rb8 35. d5 Re8 36. d6 Ree2 37. g4 g5 38. Bg3 Re8 39. d7 Rd8 40.
Rc8 Rxc8 41. dxc8=Q Re2 42. Rd7+ Kg6 43. Qc6+ Re6 44. Qxe6# 1-0

[Event "DVM U10 2014"]
[Site "Magdeburg GER"]
[Date "2014.12.28"]
[Round "4"]
[White "Raichle, Simon"]
[Black "Cheng, Dino Liwen"]
[Result "0-1"]
[Termination "normal"]
[Board "5.3"]
[WhiteElo "1028"]
[BlackElo "1029"]
[WhiteTeam "SpVgg Rommelshausen"]
[BlackTeam "SK München Südost"]
[PlyCount "134"]
[EventCountry "GER"]
[EventRounds "7"]
[EventType "team-swiss"]
[EventDate "2014.12.27"]

1. e4 c5 2. Nc3 Nc6 3. Bc4 g6 4. Nf3 e6 5. d3 Bg7 6. O-O Nge7 7. Bg5 h6 8. Bh4
Nb4 9. Qd2 d5 10. Bb3 dxe4 11. dxe4 Qxd2 12. Nxd2 Nec6 13. Rad1 O-O 14. a3 Na6
15. Nc4 Nd4 16. Na2 b6 17. c3 Nxb3 18. Be7 Re8 19. Bh4 Bb7 20. Nd6 Reb8 21. Bg3
Bc6 22. Nc4 Rd8 23. Bf4 Bxe4 24. Bg3 Bd3 25. Rfe1 Bxc4 26. Bh4 g5 27. Bg3 Rd2
28. Rxd2 Nxd2 29. Rd1 Rd8 30. h3 Be2 31. Re1 Bc4 32. Nc1 Nc7 33. Bxc7 Rd7 34.
Bg3 Nb3 35. Nxb3 Bxb3 36. Rf1 Rd1 37. Bh2 Rxf1+ 38. Kxf1 a5 39. Bc7 b5 40. Bxa5
c4 41. Kg1 h5 42. Bd8 g4 43. hxg4 hxg4 44. Bh4 Bh6 45. f3 gxf3 46. gxf3 Bc1 47.
Be1 Bxb2 48. Kg2 Bxa3 49. Kg3 Bc2 50. f4 f6 51. Kg4 Kg7 52. Bd2 e5 53. fxe5
fxe5 54. Kf3 Kg6 55. Ke3 Kf5 56. Be1 Bc1+ 57. Bd2 Bxd2+ 58. Kxd2 Kf4 59. Kxc2
e4 60. Kd2 Kf3 61. Ke1 Ke3 62. Kd1 Kf2 63. Kc2 e3 64. Kb2 e2 65. Ka3 e1=Q 66.
Kb4 Kf3 67. Kxb5 Qxc3 0-1

[Event "DVM U10 2014"]
[Site "Magdeburg GER"]
[Date "2014.12.28"]
[Round "4"]
[White "Klonov, Jakov"]
[Black "Kohleisen, Konstantin"]
[Result "1-0"]
[Termination "normal"]
[Board "5.4"]
[WhiteElo "978"]
[BlackElo "918"]
[WhiteTeam "SK München Südost"]
[BlackTeam "SpVgg Rommelshausen"]
[PlyCount "55"]
[WhiteFideId "16211928"]
[EventCountry "GER"]
[EventRounds "7"]
[EventType "team-swiss"]
[EventDate "2014.12.27"]

1. e4 e5 2. Nf3 Nc6 3. Bc4 Nf6 4. Ng5 d5 5. exd5 Nxd5 6. d4 Na5 7. Qf3 Be6 8.
Nxe6 fxe6 9. Bxd5 exd5 10. dxe5 Qd7 11. O-O O-O-O 12. Re1 Re8 13. Nc3 Bb4 14.
Bd2 Rhf8 15. Qe2 Bc5 16. Rf1 Bd4 17. Qd3 Rxe5 18. Qxd4 Ref5 19. Rae1 Nc6 20.
Qd3 Qf7 21. Qe2 Nd4 22. Qg4 Ne6 23. Qg3 d4 24. Ne4 h6 25. Rc1 Nf4 26. Bxf4 Rxf4
27. Rce1 Qh5 28. -- {nicht mehr nachvollziehbar} 1-0

[Event "DVM U10 2014"]
[Site "Magdeburg GER"]
[Date "2014.12.28"]
[Round "4"]
[White "Gutewort, Paul Emil"]
[Black "Hoffmann, Simon"]
[Result "0-1"]
[Termination "normal"]
[Board "6.1"]
[WhiteElo "1198"]
[BlackElo "1344"]
[WhiteTeam "Sfr. Nord-Ost Berlin"]
[BlackTeam "USC Magdeburg"]
[PlyCount "108"]
[WhiteFideId "16204182"]
[BlackFideId "12979686"]
[EventCountry "GER"]
[EventRounds "7"]
[EventType "team-swiss"]
[EventDate "2014.12.27"]

1. e4 e5 2. Nf3 Nc6 3. Bc4 Bc5 4. Nc3 d6 5. d3 h6 6. Be3 Bb6 7. Ne2 Nf6 8. Ng3
Be6 9. Bb3 Ne7 10. Nh4 Qd7 11. Qd2 Bxe3 12. fxe3 g5 13. Nf3 O-O-O 14. O-O-O
Bxb3 15. cxb3 Rdg8 16. Kb1 h5 17. Qa5 Nc6 18. Qe1 h4 19. Nf5 Ne7 20. Nxe7+ Qxe7
21. Qa5 a6 22. Rc1 Ng4 23. Rc3 Nxe3 24. Rhc1 c5 25. d4 exd4 26. Nxd4 Qxe4+ 27.
Nc2 Nxc2 28. R1xc2 Kb8 29. Rc4 Qe5 30. b4 Re8 31. bxc5 Qe1+ 32. Qxe1 Rxe1+ 33.
Rc1 Rxc1+ 34. Kxc1 dxc5 35. Rxc5 Rc8 36. Rc2 Rxc2+ 37. Kxc2 Kc7 38. Kd3 f5 39.
b3 Kd6 40. Ke3 Ke5 41. b4 g4 42. g3 hxg3 43. hxg3 b6 44. a4 a5 45. b5 f4+ 46.
gxf4+ Kf5 47. Ke2 Kxf4 48. Kf2 Ke4 49. Kg3 Kd4 50. Kxg4 Kc4 51. Kf5 Kb4 52. Ke5
Kxa4 53. Kd6 Kxb5 54. Kc7 a4 0-1

[Event "DVM U10 2014"]
[Site "Magdeburg GER"]
[Date "2014.12.28"]
[Round "4"]
[White "Khanbekyan, Areg"]
[Black "Beck, Felix"]
[Result "1-0"]
[Termination "normal"]
[Board "6.2"]
[WhiteElo "1095"]
[BlackElo "995"]
[WhiteTeam "USC Magdeburg"]
[BlackTeam "Sfr. Nord-Ost Berlin"]
[PlyCount "51"]
[WhiteFideId "12993727"]
[BlackFideId "16255364"]
[EventCountry "GER"]
[EventRounds "7"]
[EventType "team-swiss"]
[EventDate "2014.12.27"]

1. e4 e5 2. Nf3 Nc6 3. d4 exd4 4. Nxd4 Nf6 5. Nc3 Be7 6. Bc4 d6 7. h3 Bd7 8.
O-O O-O 9. Bg5 h6 10. Bh4 Re8 11. Re1 Ne5 12. Bb3 c5 13. Nf5 Bxf5 14. exf5 Qd7
15. Nd5 Nxd5 16. Bxe7 Nxe7 17. Rxe5 Nxf5 18. Rd5 Rac8 19. Qg4 Re5 20. Rxe5 dxe5
21. Rd1 Qb5 22. Qxf5 Rb8 23. Qxf7+ Kh7 24. Qf5+ g6 25. Qf7+ Kh8 26. Qxg6 {
Nicht mehr nachvollziehbar} 1-0

[Event "DVM U10 2014"]
[Site "Magdeburg GER"]
[Date "2014.12.28"]
[Round "4"]
[White "Klühs, Isabel"]
[Black "Hoffmann, Siegfried"]
[Result "0-1"]
[Termination "normal"]
[Board "6.3"]
[WhiteElo "763"]
[BlackElo "1231"]
[WhiteTeam "Sfr. Nord-Ost Berlin"]
[BlackTeam "USC Magdeburg"]
[PlyCount "70"]
[WhiteFideId "16228944"]
[BlackFideId "16252268"]
[EventCountry "GER"]
[EventRounds "7"]
[EventType "team-swiss"]
[EventDate "2014.12.27"]

1. d4 d5 2. Nf3 Nc6 3. c3 Bf5 4. Nbd2 g6 5. e3 Nf6 6. a3 Bg7 7. c4 a6 8. Be2 e6
9. O-O Qd6 10. e4 dxe4 11. Nh4 Nxd4 12. Nxf5 exf5 13. Nb3 Nxb3 14. Qxb3 O-O-O
15. Be3 Ng4 16. Bxg4 fxg4 17. c5 Qf6 18. Rad1 h5 19. Qa4 Qxb2 20. c6 f5 21. Ba7
h4 22. Qc4 Rhe8 23. Qf7 g3 24. Qxg6 gxf2+ 25. Kh1 bxc6 26. Qxf5+ Kb7 27. Rb1 e3
28. Rxb2+ Bxb2 29. Qc5 e2 30. Qb4+ Kxa7 31. Qc5+ Kb8 32. Qb4+ Kc8 33. Qg4+ Rd7
34. h3 exf1=Q+ 35. Kh2 Qg1# 0-1

[Event "DVM U10 2014"]
[Site "Magdeburg GER"]
[Date "2014.12.28"]
[Round "4"]
[White "Pikalow, Michael"]
[Black "Klühs, Gustaf"]
[Result "1/2-1/2"]
[Termination "normal"]
[Board "6.4"]
[WhiteElo "970"]
[BlackElo "918"]
[WhiteTeam "USC Magdeburg"]
[BlackTeam "Sfr. Nord-Ost Berlin"]
[PlyCount "44"]
[WhiteFideId "16227638"]
[BlackFideId "16228936"]
[EventCountry "GER"]
[EventRounds "7"]
[EventType "team-swiss"]
[EventDate "2014.12.27"]

1. e4 b6 2. Nc3 Bb7 3. Nf3 e6 4. Bc4 Nf6 5. e5 Nd5 6. Bxd5 exd5 7. d4 d6 8.
exd6 Bxd6 9. Bg5 Be7 10. Qe2 f6 11. Bf4 O-O 12. O-O Nd7 13. Nb5 c6 14. Nc7 Rc8
15. Ne6 Qe8 16. Nxf8 Bxf8 17. Qxe8 Rxe8 18. Rae1 Rd8 19. Re2 Ba6 20. Rfe1 Bxe2
21. Rxe2 c5 22. g3 Rc8 1/2-1/2

[Event "DVM U10 2014"]
[Site "Magdeburg GER"]
[Date "2014.12.28"]
[Round "4"]
[White "Krause, Marc"]
[Black "Colbow, Collin"]
[Result "1/2-1/2"]
[Termination "normal"]
[Board "7.1"]
[WhiteElo "1313"]
[BlackElo "1305"]
[WhiteTeam "SC Empor Potsdam 1952"]
[BlackTeam "SK Bremen-Nord"]
[PlyCount "42"]
[WhiteFideId "12985724"]
[BlackFideId "16201132"]
[EventCountry "GER"]
[EventRounds "7"]
[EventType "team-swiss"]
[EventDate "2014.12.27"]

1. e4 e5 2. Nf3 Nc6 3. Bc4 Bc5 4. O-O d6 5. d3 h6 6. Be3 Bb6 7. Nc3 Nf6 8. h3
O-O 9. Qd2 Be6 10. Bb3 Nh7 11. d4 exd4 12. Nxd4 Nxd4 13. Bxd4 Bxd4 14. Qxd4 Qg5
15. Qd3 Rae8 16. f4 Qc5+ 17. Kh1 Nf6 18. Rae1 Bxb3 19. axb3 Re7 20. Re2 Rfe8
21. Rfe1 a6 1/2-1/2

[Event "DVM U10 2014"]
[Site "Magdeburg GER"]
[Date "2014.12.28"]
[Round "4"]
[White "Rockmann, Enno"]
[Black "Gericke, Luis"]
[Result "0-1"]
[Termination "normal"]
[Board "7.2"]
[WhiteElo "1031"]
[BlackElo "1361"]
[WhiteTeam "SK Bremen-Nord"]
[BlackTeam "SC Empor Potsdam 1952"]
[PlyCount "94"]
[WhiteFideId "12982920"]
[BlackFideId "16212525"]
[EventCountry "GER"]
[EventRounds "7"]
[EventType "team-swiss"]
[EventDate "2014.12.27"]

1. e4 e5 2. Nf3 Nc6 3. Bc4 Bc5 4. O-O Nf6 5. Re1 O-O 6. c3 d6 7. d4 exd4 8.
cxd4 Bb4 9. h3 d5 10. exd5 Nxd5 11. Bxd5 Qxd5 12. Nc3 Qd8 13. d5 Ne7 14. Ne4
Nxd5 15. Qb3 c6 16. Bd2 Ba5 17. Bxa5 Qxa5 18. Nd6 Qb6 19. Qxb6 Nxb6 20. Re3 Nd5
21. Rb3 b6 22. Ne5 c5 23. Rd1 Nf6 24. Rf3 Be6 25. g4 h6 26. b3 Rad8 27. Rfd3
Bd5 28. Rxd5 Nxd5 29. Rxd5 f5 30. f4 fxg4 31. Ng6 Rf6 32. f5 Rfxd6 33. Rxd6
Rxd6 34. hxg4 Rd2 35. Kf1 Rxa2 36. Nf4 Rb2 37. Nd3 Rxb3 38. Ke2 a5 39. Kd2 a4
40. Kc2 Rb5 41. Nc1 a3 42. Nb3 c4 43. Kb1 cxb3 44. Ka1 b2+ 45. Kb1 a2+ 46. Kxa2
b1=Q+ 47. Ka3 Qb3# 0-1

[Event "DVM U10 2014"]
[Site "Magdeburg GER"]
[Date "2014.12.28"]
[Round "4"]
[White "Knape, Albert"]
[Black "Bassow, Konstantin"]
[Result "1-0"]
[Termination "normal"]
[Board "7.3"]
[WhiteElo "1072"]
[BlackElo "1001"]
[WhiteTeam "SC Empor Potsdam 1952"]
[BlackTeam "SK Bremen-Nord"]
[PlyCount "53"]
[WhiteFideId "16208919"]
[BlackFideId "12982415"]
[EventCountry "GER"]
[EventRounds "7"]
[EventType "team-swiss"]
[EventDate "2014.12.27"]

1. e4 e5 2. Nf3 Nc6 3. Bc4 Bc5 4. d3 h6 5. Nc3 Nf6 6. Be3 Bb6 7. Bxb6 axb6 8.
Nd5 O-O 9. Qe2 d6 10. h3 Be6 11. Nxf6+ Qxf6 12. Bb3 Nd4 13. Nxd4 exd4 14. O-O
Qg6 15. Kh1 c6 16. f4 Bd7 17. Qf2 Qh5 18. Qf3 Qg6 19. Kh2 Kh8 20. Qg3 Ra5 21.
f5 Kh7 22. Qxd6 Rd8 23. Bxf7 Raa8 24. Qe5 Ra5 25. Qc7 Rda8 26. Qxb6 Rb8 27. f6
{nicht mehr nachvollziehbar} 1-0

[Event "DVM U10 2014"]
[Site "Magdeburg GER"]
[Date "2014.12.28"]
[Round "4"]
[White "Adams, Curtis"]
[Black "Soumbatova, Maria"]
[Result "1-0"]
[Termination "normal"]
[Board "7.4"]
[WhiteElo "874"]
[BlackElo "871"]
[WhiteTeam "SK Bremen-Nord"]
[BlackTeam "SC Empor Potsdam 1952"]
[PlyCount "31"]
[EventCountry "GER"]
[EventRounds "7"]
[EventType "team-swiss"]
[EventDate "2014.12.27"]

1. e4 e5 2. Nf3 Nc6 3. Bb5 Nf6 4. Nc3 Bc5 5. Bxc6 dxc6 6. d3 h6 7. Nxe5 Be6 8.
Qe2 O-O 9. Qf3 Bb4 10. Qg3 Qd4 11. Bxh6 Bxc3+ 12. Kd1 Bg4+ 13. Nxg4 Nxg4 14.
Qxg4 Qd6 15. bxc3 Rfe8 16. Qxg7# 1-0

[Event "DVM U10 2014"]
[Site "Magdeburg GER"]
[Date "2014.12.28"]
[Round "4"]
[White "Diderle, Konstantin"]
[Black "Böttner, Oliver"]
[Result "1-0"]
[Termination "normal"]
[Board "8.1"]
[WhiteElo "1486"]
[BlackElo "1110"]
[WhiteTeam "Peiner SV"]
[BlackTeam "FHSG Stralsund"]
[PlyCount "109"]
[WhiteFideId "12965197"]
[BlackFideId "16208870"]
[EventCountry "GER"]
[EventRounds "7"]
[EventType "team-swiss"]
[EventDate "2014.12.27"]

1. e4 e5 2. Nf3 Nc6 3. Bc4 Be7 4. c3 Nf6 5. d3 O-O 6. b4 b6 7. b5 Na5 8. Nxe5
Nxc4 9. Nxc4 Bb7 10. O-O d5 11. exd5 Qxd5 12. f3 Qxb5 13. Be3 Nd5 14. Nba3 Nxe3
15. Nxb5 Nxd1 16. Raxd1 c6 17. Nd4 Bc5 18. Kh1 a5 19. Nb3 Be7 20. Nxb6 Ra7 21.
Rfe1 Bf6 22. d4 a4 23. Nc5 a3 24. Nbd7 Rd8 25. Nxf6+ gxf6 26. Re7 Kf8 27. Rxb7
Rxb7 28. Nxb7 Rb8 29. Rb1 Ke7 30. Kg1 f5 31. Rb6 h5 32. Kf2 f4 33. g3 fxg3+ 34.
hxg3 f6 35. Ke3 Kf8 36. Kf4 Kg7 37. c4 Kg6 38. d5 cxd5 39. cxd5 Rc8 40. Rc6 Re8
41. Ra6 Re5 42. d6 Rf5+ 43. Ke3 Re5+ 44. Kf2 Rd5 45. Rxa3 h4 46. gxh4 f5 47.
Re3 Kh5 48. a4 Kxh4 49. a5 f4 50. Re2 Kh3 51. a6 Rg5 52. Ke1 Kg3 53. d7 Kxf3
54. d8=Q Rg1+ 55. Kd2 1-0

[Event "DVM U10 2014"]
[Site "Magdeburg GER"]
[Date "2014.12.28"]
[Round "4"]
[White "Jenschke, Tim"]
[Black "Miszori, Yannick"]
[Result "0-1"]
[Termination "normal"]
[Board "8.2"]
[WhiteElo "1090"]
[BlackElo "1219"]
[WhiteTeam "FHSG Stralsund"]
[BlackTeam "Peiner SV"]
[PlyCount "70"]
[BlackFideId "16214560"]
[EventCountry "GER"]
[EventRounds "7"]
[EventType "team-swiss"]
[EventDate "2014.12.27"]

1. e4 d6 2. Nf3 Nd7 3. Nc3 Ngf6 4. Bc4 c5 5. O-O a6 6. d3 b5 7. Bd5 Nxd5 8.
Nxd5 Bb7 9. Re1 e6 10. Nc3 Be7 11. Be3 O-O 12. Qd2 Bf6 13. d4 b4 14. Ne2 Bxe4
15. Rad1 Bxf3 16. gxf3 Rc8 17. dxc5 dxc5 18. Qxd7 Qxd7 19. Rxd7 Bxb2 20. Red1
Be5 21. Bxc5 Rxc5 22. Rd8 Rxc2 23. Ng3 Rxa2 24. R8d3 a5 25. Ne4 a4 26. Nc5 b3
27. Rd7 b2 28. Rb7 Ra1 29. Kg2 b1=Q 30. Rbxb1 Rxb1 31. Nd7 Rxd1 32. Nf6+ Bxf6
33. f4 a3 34. f5 a2 35. fxe6 a1=Q 0-1

[Event "DVM U10 2014"]
[Site "Magdeburg GER"]
[Date "2014.12.28"]
[Round "4"]
[White "Heuer, Adrian"]
[Black "Troyke, Jannis"]
[Result "1-0"]
[Termination "normal"]
[Board "8.3"]
[WhiteElo "1024"]
[BlackElo "1089"]
[WhiteTeam "Peiner SV"]
[BlackTeam "FHSG Stralsund"]
[PlyCount "77"]
[BlackFideId "12993115"]
[EventCountry "GER"]
[EventRounds "7"]
[EventType "team-swiss"]
[EventDate "2014.12.27"]

1. d4 Nf6 2. Bf4 e6 3. e3 c5 4. c3 Nc6 5. Nf3 d5 6. Nbd2 b6 7. Be2 Be7 8. Bb5
Bb7 9. Qa4 Qc8 10. Ne5 a6 11. Bxc6+ Bxc6 12. Qxc6+ Qxc6 13. Nxc6 Bd8 14. dxc5
bxc5 15. Bd6 Rc8 16. Nxd8 Rxd8 17. Bxc5 Nd7 18. Bb4 Rb8 19. O-O a5 20. Bxa5
Rxb2 21. Nf3 O-O 22. Bb4 Rc8 23. Rfb1 Rxb1+ 24. Rxb1 f6 25. a4 Ra8 26. Ra1 Nb6
27. a5 Nc8 28. a6 e5 29. Bc5 Kf7 30. a7 Ke6 31. Ra6+ Kd7 32. Kf1 Kc7 33. Ke2
Kb7 34. Ra1 Nxa7 35. Rxa7+ Rxa7 36. Bxa7 Kxa7 37. g4 g6 38. g5 e4 39. gxf6 1-0

[Event "DVM U10 2014"]
[Site "Magdeburg GER"]
[Date "2014.12.28"]
[Round "4"]
[White "Lange, Anton"]
[Black "Post, Patrick"]
[Result "1-0"]
[Termination "normal"]
[Board "8.4"]
[WhiteElo "866"]
[BlackElo "835"]
[WhiteTeam "FHSG Stralsund"]
[BlackTeam "Peiner SV"]
[PlyCount "151"]
[WhiteFideId "34603816"]
[EventCountry "GER"]
[EventRounds "7"]
[EventType "team-swiss"]
[EventDate "2014.12.27"]

1. e4 e5 2. Nf3 Nc6 3. Bc4 Bc5 4. O-O Nf6 5. d3 O-O 6. Bg5 h6 7. Bh4 d6 8. h3
Nd4 9. Nxd4 Bxd4 10. c3 Bb6 11. Nd2 c6 12. Re1 d5 13. exd5 cxd5 14. Bb3 Be6 15.
Rxe5 Qd6 16. d4 Rfe8 17. Re1 Bd7 18. Rxe8+ Rxe8 19. Nf3 Bc7 20. Bg3 Qc6 21.
Bxc7 Qxc7 22. Bc2 Ne4 23. Bxe4 Rxe4 24. Qd2 Re6 25. Re1 Rg6 26. Kf1 Qc4+ 27.
Re2 Qxa2 28. Re7 Qb1+ 29. Ne1 Bb5+ 30. Kg1 Qf5 31. Kh1 Rb6 32. Qe3 a5 33. Re5
Qd7 34. Nf3 a4 35. Nd2 Qd6 36. Nb1 f6 37. Re6 Qb8 38. Rxb6 Bc6 39. Qe6+ Kh7 40.
Nd2 Qc7 41. Rb4 Bd7 42. Qe7 Kg6 43. Nf3 Qc8 44. Nh4+ Kh7 45. g4 b5 46. Nf5 Bxf5
47. gxf5 Qxf5 48. Qe3 Qb1+ 49. Kh2 Qa2 50. Rxb5 Qc4 51. Rb7 Qc6 52. Qe7 Kg6 53.
Qxg7+ Kf5 54. Rf7 Qd6+ 55. Kg2 h5 56. Kf3 Qf4+ 57. Kg2 Qe4+ 58. Kh2 Qf4+ 59.
Qg3 Qd2 60. Qf3+ Qf4+ 61. Qxf4+ Kxf4 62. Kg2 Kf5 63. Ra7 Ke4 64. Rxa4 Kd3 65.
b4 Kc4 66. Kg3 Kb5 67. Ra1 Kc4 68. Kf4 Kxc3 69. b5 Kxd4 70. b6 Kc4 71. b7 d4
72. b8=Q Kd3 73. Ra3+ Ke2 74. Qb2+ Kf1 75. Kf3 d3 76. Ra1# 1-0

[Event "DVM U10 2014"]
[Site "Magdeburg GER"]
[Date "2014.12.28"]
[Round "4"]
[White "Glinzner, Alva"]
[Black "Prieb, Robert"]
[Result "0-1"]
[Termination "normal"]
[Board "9.1"]
[WhiteElo "1060"]
[BlackElo "1396"]
[WhiteTeam "Lübecker SV von 1873 1"]
[BlackTeam "SK Blauer Springer Paderborn 1"]
[PlyCount "65"]
[WhiteFideId "16206169"]
[BlackFideId "16212002"]
[EventCountry "GER"]
[EventRounds "7"]
[EventType "team-swiss"]
[EventDate "2014.12.27"]

1. e4 e5 2. Nf3 Nf6 3. Nc3 Nc6 4. Bb5 Bb4 5. O-O O-O 6. Ne2 Nxe4 7. d3 Nf6 8.
Bxc6 dxc6 9. Nxe5 Be6 10. Nf3 Re8 11. h3 Bd6 12. Re1 Qd7 13. Bf4 Rad8 14. Qd2
Nd5 15. Bg3 Bxg3 16. Nxg3 Nf6 17. Re2 Re7 18. Rae1 Rde8 19. b3 Bd5 20. Rxe7
Rxe7 21. Re3 b6 22. Qe2 Rxe3 23. Qxe3 Qe6 24. Qxe6 Bxe6 25. Kf1 Kf8 26. Ke2 Nd5
27. a3 Ke7 28. Ne4 h6 29. Nd4 Bd7 30. c4 Nf4+ 31. Kd2 Nxg2 32. Kc3 Nh4 {nicht
mehr nachvollziehbar} 33. Kb4 0-1

[Event "DVM U10 2014"]
[Site "Magdeburg GER"]
[Date "2014.12.28"]
[Round "4"]
[White "Meier, Silas"]
[Black "Paulsen, Niels-Martin"]
[Result "1-0"]
[Termination "normal"]
[Board "9.2"]
[WhiteElo "1278"]
[BlackElo "1090"]
[WhiteTeam "SK Blauer Springer Paderborn 1"]
[BlackTeam "Lübecker SV von 1873 1"]
[PlyCount "137"]
[WhiteFideId "16210662"]
[BlackFideId "16214994"]
[EventCountry "GER"]
[EventRounds "7"]
[EventType "team-swiss"]
[EventDate "2014.12.27"]

1. d4 d5 2. Nf3 Nf6 3. Bf4 Bf5 4. e3 e6 5. c3 Nc6 6. Bb5 Be7 7. Bxc6+ bxc6 8.
Qa4 O-O 9. Qxc6 Bd6 10. Bxd6 Qxd6 11. Qxd6 cxd6 12. Nbd2 Bd3 13. Nb3 Rfe8 14.
Kd2 Bc4 15. Kc2 e5 16. Nfd2 e4 17. Nxc4 dxc4 18. Nd2 d5 19. h3 Rab8 20. g4 h6
21. Rhg1 g5 22. Rg2 Kg7 23. Rh1 Kg6 24. Nf1 Rb6 25. Ng3 Reb8 26. Rb1 a5 27.
Rgg1 a4 28. Ne2 h5 29. a3 h4 30. Nc1 Ne8 31. Na2 Nd6 32. Nb4 f5 33. Nxd5 Rb5
34. Nb4 f4 35. exf4 gxf4 36. Kd2 Kg5 37. Rbe1 Re8 38. Re2 f3 39. Re3 Re6 40.
Rge1 Rb6 41. Rxf3 Rb8 42. Rfe3 Rf6 43. Rf1 Rf3 44. Rxf3 exf3 45. Re1 Re8 46.
Rxe8 Nxe8 47. Ke3 Nf6 48. Kxf3 Ne8 49. Ke3 Nd6 50. f4+ Kf6 51. d5 Kg6 52. Kd4
Kf6 53. Kc5 Ne4+ 54. Kxc4 Nf2 55. Nc2 Nxh3 56. Ne3 Nxf4 57. Kd4 Ne2+ 58. Ke4 h3
59. Nf1 Ng1 60. Kf4 h2 61. Nxh2 Nh3+ 62. Ke4 Ng5+ 63. Kd4 Ne6+ 64. dxe6 Kxe6
65. Kc4 Kf6 66. Kb4 Kg5 67. Kxa4 Kf6 68. Kb5 Ke7 69. g5 1-0